| 000 | 00538nam a2200205Ia 4500 | ||
|---|---|---|---|
| 003 | OSt | ||
| 005 | 20230607151309.0 | ||
| 008 | 210423s2004 xx 000 0 und d | ||
| 040 | _cAL | ||
| 041 | _aeng | ||
| 082 |
_a361.32 _223 _bFOLR |
||
| 100 |
_aFOLGHERAITER (Fabio) _9121697 |
||
| 245 | _aRelational social work | ||
| 260 |
_aUK _bKingsley Publishers _c2004 |
||
| 365 |
_b2222 _cINR |
||
| 650 |
_aSocial Problems & Services _9121698 |
||
| 650 |
_aSocial Work _9121699 |
||
| 906 | _aRelational ; social ; work | ||
| 942 |
_2ddc _cBK |
||
| 999 |
_c175075 _d175075 |
||